Statistics for Capitals of 2010 FIFA World Cup Teams

Click here to take the quiz!

General Stats

  • This quiz has been taken 245 times
  • The average score is 27 of 32

Answer Stats

GroupCountryAnswer% Correct
Group CEnglandLondon
97%
Group HSpainMadrid
97%
Group AMexicoMexico City
96%
Group DGermanyBerlin
95%
Group GBrazilBrasilia
95%
Group BArgentinaBuenos Aires
95%
Group GPortugalLisbon
95%
Group FItalyRome
95%
Group CUnited StatesWashington, DC
95%
Group AFranceParis
94%
Group AUruguayMontevideo
93%
Group ASouth AfricaPretoria, Cape Town
or Bloemfontein
93%
Group EJapanTokyo
93%
Group BKorea RepublicSeoul
91%
Group DAustraliaCanberra
90%
Group HSwitzerlandBern
89%
Group ENetherlandsAmsterdam
88%
Group HChileSantiago
88%
Group DGhanaAccra
81%
Group BGreeceAthens
81%
Group CAlgeriaAlgiers
77%
Group EDenmarkCopenhagen
77%
Group BNigeriaAbuja
76%
Group GKorea DPRPyongyang
75%
Group DSerbiaBelgrade
74%
Group FNew ZealandWellington
73%
Group FParaguayAsuncion
70%
Group FSlovakiaBratislava
70%
Group CSloveniaLjubljana
66%
Group ECameroonYaoundé
65%
Group HHondurasTegucigalpa
57%
Group GCôte d'IvoireYamoussoukro
56%

Score Distribution

Percentile by Number Answered

Percent of People with Each Score

Your Score History

You have not taken this quiz